Strategic Forum for Construction & Carbon Trust (Record no. 82560)
[ view plain ]
| 000 -LEADER | |
|---|---|
| fixed length control field | 01143cad a22002055a 4500 |
| 001 - CONTROL NUMBER | |
| control field | L150568 |
| 008 - FIXED-LENGTH DATA ELEMENTS--GENERAL INFORMATION | |
| fixed length control field | 100729e2010 xxk 000 0 eng d |
| 035 ## - SYSTEM CONTROL NUMBER | |
| System control number | (Sirsi) u150568 |
| 041 0# - LANGUAGE CODE | |
| Language code of text/sound track or separate title | eng |
| 050 ## - LIBRARY OF CONGRESS CALL NUMBER | |
| Classification number | 333.72 |
| -- | 218 |
| 110 2# - MAIN ENTRY--CORPORATE NAME | |
| Corporate name or jurisdiction name as entry element | Ove Arup and Partners |
| 245 00 - TITLE STATEMENT | |
| Title | Strategic Forum for Construction & Carbon Trust |
| Remainder of title | construction carbon 15% target by 2012, data and methodology paper |
| Medium | [electronic resource] |
| 260 ## - PUBLICATION, DISTRIBUTION, ETC. | |
| Place of publication, distribution, etc. | London |
| Name of publisher, distributor, etc. | OveArup |
| Date of publication, distribution, etc. | 2010 |
| 520 ## - SUMMARY, ETC. | |
| Summary, etc. | Outlines the methodology and data sets to be used to calculate annual greenhouse gas (GHG) emissions; sets the carbon baseline for 2008; asseses progress towards the target for the four subsequent reporting years (2009-2012); builds on the scoping paper for the project; Strategic Forum Carbon Sub-Group; carbon reduction policies and programmes in the UK and the EU. |
| 590 ## - LOCAL NOTE (RLIN) | |
| Local note | NTK |
| 651 #4 - SUBJECT ADDED ENTRY--GEOGRAPHIC NAME | |
| Geographic name | United Kingdom |
| Chronological subdivision | |
| 690 ## - LOCAL SUBJECT ADDED ENTRY--TOPICAL TERM (OCLC, RLIN) | |
| Topical term or geographic name as entry element | BUILT ENVIRONMENT-SUSTAINABLE CONSTRUCTION |
| 856 40 - ELECTRONIC LOCATION AND ACCESS | |
| Uniform Resource Identifier | <a href="https://www.strategicforum.org.uk/pdf/0009%20Data%20and%20methods%20paper%20Rev%20A%20for%20public%20release.pdf">https://www.strategicforum.org.uk/pdf/0009%20Data%20and%20methods%20paper%20Rev%20A%20for%20public%20release.pdf</a> |
| Public note | View the item free of charge at www.strategicforum.org.uk |
| 942 ## - ADDED ENTRY ELEMENTS (KOHA) | |
| Suppress in OPAC | 0 |
| Withdrawn status | Lost status | Source of classification or shelving scheme | Damaged status | Not for loan | Home library | Current library | Shelving location | Date acquired | Total Checkouts | Full call number | Barcode | Date last seen | Copy number | Price effective from | Koha item type |
|---|---|---|---|---|---|---|---|---|---|---|---|---|---|---|---|
| Dewey Decimal Classification | Virtual | Virtual | Online | 29/07/2010 | ONLINE PUBLICATION | 150568-2001 | 06/08/2019 | 1 | 06/08/2019 | Book |